Регионална библиотека "Любен Каравелов" - Русе

Империя (Запис номер 154463)

MARC детайли
000 -Лидер
Контролно поле с фиксирана дължина 01740nam a2200397 c 4500
003 - Код на организацията, давaща контролен номер
Контролно поле BLK
005 - Дата и час на последна редакция
Контролно поле 20230608014049.0
008 - Елементи от данни с фиксирана дължина
fixed length control field 180410b bul|||||r ||||||| ||bul||
010 ## - Наследен системен номер
LC control number KNG00161087000
020 ## - Международен стандартен номер на книга ISBN
Международен стандартен номер на книга ISBN 978-954-365-146-7
-- издат.: Еднорог
040 ## - Източник на каталожния запис
Идентификатор на билиотеката - собственик на записа BLK
041 ## - Код за език
Код за езика на текст/звукозапис или на отделно заглавие Български
Код за езика КДБФ Български
072 #7 - Код за тематичната категория
Код организация bullib
Код за тематична категория Н92
Текст История Н
080 ## - УДК
Текстов определител УДК История на Англия и Великобритания
УДК код - определител по УДК 94(410)
УДК определител (02.062)
УДК - код + определител 94(410)(02.062)
100 1# - Редна дума - Автор
Автор Паксман, Джеръми
Авторска отговорност първи автор
R(LIN) 105678
139 ## - Редно поле
Редна дума Паксман, Джеръми
Авторски знак Пад - П 14
245 10 - Сведения за заглавието
Заглавие Империя
Подзаглавни данни Как се е отразило на британците властването над света?
Редно поле (дума) Джеръми Паксман; прев. от англ. Боряна Ангелова Джанабетска.
257 ## - Страна на издаване
Страна на създаване/издаване Великобритания
260 ## - Област на издателските данни
-- София
Име на издателя, разпространителя и проч. Еднорог
Година на издаване 2014
Печатница София : Инвестпрес
300 ## - Физическа характеристика
Страници 432 с.
Размери/Мащаб 20 см
380 ## - Жанр
Жанр История
500 ## - Общи забележки
Забележка Ориг. загл. Empire / Jeremy Paxman. - Съдържа и за авт. - Библиогр. с. 399-430.
650 #4 - Допълнително описание по предмет – тема
Основно описание – тема или топоним Великобритания - история - популярна литература
9 (RLIN) 332462
651 #4 - Допълнително описание по предмет - топоним
Географско понятие Великобритания
9 (RLIN) 178698
653 ## - Ключова дума – ненормативна
Ключова дума Великобритания
653 ## - Ключова дума – ненормативна
Ключова дума империи
653 ## - Ключова дума – ненормативна
Ключова дума история
659 ## - Тематичен бюлетин
Тематичен бюлетин Н
700 ## - Други автори (авторска отговорност)
Лично име Джанабетска, Боряна Ангелова, 1957-
9 (RLIN) 364686
852 ## - Местоположение
Форматна сигнатура Цб 268932
856 4# - Електронен адрес и достъп
Електронен формат pdf - файл
Път до файла /url/
856 4# - Електронен адрес и достъп
Електронен формат pdf - файл
Път до файла /url/
942 ## - АРТИКУЛИ
Вид на библиотечния материал Книги
Скрит в OPAC Не
Koha issues (borrowed), all copies 8
944 ## - СЪЗДАВАНЕ И РЕДАКЦИЯ на ЗАПИСА
Създаване/Редакция Създаване
Дата на регистрацията/редакция 22.05.2014
Статус, дата на статуса ф /
Служител, извършил регистрацията/редакцията Людмила_Стоянова
944 ## - СЪЗДАВАНЕ И РЕДАКЦИЯ на ЗАПИСА
Създаване/Редакция Редакция
Дата на регистрацията/редакция 09.02.2016
Статус, дата на статуса ф /
Служител, извършил регистрацията/редакцията Людмила_Стоянова
999 ## - СИСТЕМНИ КОНТРОЛНИ НОМЕРА
Koha biblionumber 154463
Koha biblioitemnumber 154463
Наличности
Код за отписване Код за изгубен артикул Източник на класификационната схема Код за повреда Коз за рестрикции Код за отдаване Артикулен № Име на библиотеката - собственик Име на библиотеката, в която се намира в момента Статус (Текущо местоположение) Дата на вписване в системата Местоположение - отдел Цена в лева Инвентарен номер Систематично азбучна сигнатура Баркод Номер на екземпляра Цена в евро Служебна бележка Служебен тип на артикула
Изтеглен Не е изгубен Universal Decimal Classification Не е повреден без рестрикции заемане за дома 258922 Регионална библиотека "Любен Каравелов" Русе Регионална библиотека "Любен Каравелов" Русе Количка 2014-05-23 Заемна - подръчен фонд 13.97 120000777596 94(410)/П 14 Д 120000777596 1 7.14 Дост: Pk Вид: Ф N: 317 Дата: 21.05.2014 Дата инв: 09.02.2018 Бележки инв: П2018 Книги
  Не е изгубен   Не е повреден без рестрикции ползва се в читалня 258923 Регионална библиотека "Любен Каравелов" Русе Регионална библиотека "Любен Каравелов" Русе Хранилище 2015-11-07 Хранилище 17.90 120000794417 Цб 268932 120000794417 2 9.15 Дост: Dp Вид: Д N: 39 Дата: 09.09.2015 Книги
Vip Innovations Ltd, Rousse, Bulgaria 2025